El economista camuflado: la economía de las pequeñas cosas

Saved in:
Bibliografiske detaljer
Hovedforfatter: Harford, Tim (Author)
Format: Bog
Sprog:spansk
Udgivet: Santiago Planeta Chilena 2007
Udgivelse:1a. ed
Serier:Temas de Hoy
Fag:
Tags: Tilføj Tag
Ingen Tags, Vær først til at tagge denne postø!

MARC

LEADER 00000nam a2200000 a 4500
001 UCI0608
003 CL-VaPUC
008 070518e20070000CL |||||||||||||||||spa|d
020 |a 9788484606178 
082 0 4 |a 338.9  |b HAR  |2 21 
100 |a Harford, Tim  |e author  |9 582224 
245 1 3 |a El economista camuflado: la economía de las pequeñas cosas 
250 |a 1a. ed 
300 |a 344 p 
942 |c BK 
945 |d 20070518 00:00:00  |a jtorresc 
260 |a Santiago  |b Planeta Chilena  |c 2007 
650 0 |a Desarrollo económico  |9 259599 
650 0 |a Capitalismo  |9 255255 
650 0 |a Economía   |9 255568 
650 0 |a Consumo  |9 333893 
650 0 |a Mercado  |9 321497 
650 0 |a Consumidores  |9 315658 
650 0 |a Educación  |9 258661 
583 |a last modification  |c 20140403 09:49:06  |k Rodrigo Vera 
490 0 |a Temas de Hoy 
999 |c 325684  |d 325682 
952 |0 0  |1 0  |4 0  |6 338_900000000000000_HAR_2007  |7 0  |8 A  |9 406934  |a BIBENE  |b BIBENE  |d 2019-11-22  |i 4339002  |o 338.9 HAR 2007  |p 4339002  |r 2025-01-15  |w 2019-11-22  |y BK  |k ICO